Aktuálne otázky vyučovania cudzieho jazyka nefilologických študijných odboroch
Znalosti cudzieho jazyka na nefilologických študijných odboroch, ako aj počet cudzích jazykov, ktoré by mal študent nefilofogického odboru ovládať. Didkatické zásady a technológia vzdelávania vo výučbe cudzích jazykov.
Salvato in:
| Autore principale: | |
|---|---|
| Natura: | Capitolo di libro |
| Lingua: | slovacco |
| Soggetti: | |
| Tags: |
Nessun Tag, puoi essere il primo ad aggiungerne!!
|
MARC
| LEADER | 00000naa$a2200000$$$4500 | ||
|---|---|---|---|
| 001 | 0186753 | ||
| 005 | 20240502073205.7 | ||
| 041 | 0 | |a slo | |
| 044 | |a SK | ||
| 245 | 1 | 0 | |a Aktuálne otázky vyučovania cudzieho jazyka nefilologických študijných odboroch |c Juraj Chebeň |
| 520 | |a Znalosti cudzieho jazyka na nefilologických študijných odboroch, ako aj počet cudzích jazykov, ktoré by mal študent nefilofogického odboru ovládať. Didkatické zásady a technológia vzdelávania vo výučbe cudzích jazykov. | ||
| 610 | 2 | 0 | |a univerzity |
| 610 | 2 | 0 | |a školy vysoké |
| 610 | 2 | 0 | |a štúdium vysokoškolské |
| 610 | 2 | 0 | |a výučba vedecká |
| 610 | 2 | 0 | |a jazyky cudzie |
| 610 | 2 | 0 | |a kvalita vzdelávania |
| 100 | 1 | |a Chebeň, Juraj | |